000 00462cam a2200181 4500
001 D1830
008 090401t1980 xxu||||| |||| 00| 0 eng d
035 _a(Sirsi) u66096
041 _aeng
050 _a692.5
110 _aBuilding Maintenance Cost Information Service
_91702
245 _aBuilding maintenance price book 1980
260 _aKingston-upon-Thames
_bBMCIS
_c1980
300 _a128p. 21cm
350 _a6.5
942 _n0
948 _c04/03/1997
999 _c94821
_d94821